Human Resource Management - Text & Cases (Record no. 16312)

MARC details
000 -LEADER
fixed length control field 00402nam a2200157Ia 4500
008 - FIXED-LENGTH DATA ELEMENTS--GENERAL INFORMATION
fixed length control field 221030s9999 xx 000 0 und d
020 ## - INTERNATIONAL STANDARD BOOK NUMBER
ISBN 1259026825
041 ## - LANGUAGE CODE
Language code of text/sound track or separate title
100 ## - MAIN ENTRY--AUTHOR NAME
Personal name K. Aswathappa
245 #0 - TITLE STATEMENT
Title Human Resource Management - Text & Cases
Statement of responsibility, etc by K. Aswathappa
250 ## - EDITION STATEMENT
Edition statement 7th
260 ## - PUBLICATION, DISTRIBUTION, ETC. (IMPRINT)
Name of publisher McGraw - Hill Pub.
Place of publication New Delhi
Year of publication 2015
300 ## - PHYSICAL DESCRIPTION
Number of Pages 874
650 ## - SUBJECT ADDED ENTRY--TOPICAL TERM
Topical Term Management
942 ## - ADDED ENTRY ELEMENTS (KOHA)
Koha item type Books
Holdings
Accession Number Cost, normal purchase price Bill Date Source of acquisition Price effective from Koha item type Withdrawn / writtenoff status Materials specified (bound volume or other part) Damaged status Not for loan Permanent Location Current Location Shelving location Date acquired Lost/ Missing status department
MBA 3013 499.00 3978 RKB 10/30/2022 Books   Print   Not For Loan MIET Library, Jammu MIET Library, Jammu BL-Aacdemic Block B, FL-2, CUP-67, SH-1, R-1 12/22/2015   MBA
MBA 3014 499.00 3978 RKB 10/30/2022 Books   Print     MIET Library, Jammu MIET Library, Jammu BL-Aacdemic Block B, FL-2, CUP-110, SH-4, R-4 12/22/2015   MBA
MBA 3015 499.00 3978 RKB 10/30/2022 Books   Print     MIET Library, Jammu MIET Library, Jammu BL-Aacdemic Block B, FL-2, CUP-110, SH-4, R-4 12/22/2015   MBA